000 00886nac a22002417a 4500
001 BR7902702
003 BR-BrBNA
005 20240105114429.0
008 230509b bl.|||m| |||| 00| 0 por d
040 _aBR-BrBNA
_bpor
_cBiblioteca Nacional de Agricultura
072 _aE30
090 _aE30 BR7902702
110 1 _aComissao Estadual de Planejamento Agricola, Cuiaba, MT (Brasil)
_92045
245 1 _aPrograma de trabalho jul 78/jun 79 [Comissao Estadual de Planejamento Agricola; Mato Grosso; Brasil]
_bConvenio: MA/SAGRI/SEPLAN/EMATER
260 3 _aCuiaba, MT (Brasil):
_c1979.
300 _a97 p.
490 _aPrograma de Trabalho - Comissao Estadual de Planejamento Agricola (Brazil)
_v
_x
650 _aPROJETO DE DESENVOLVIMENTO
650 _aPLANEJAMENTO AGRICOLA
650 _aMATO GROSSO
909 _a202312
_bLúcia Elande
_c55
_dLúcia Elande
942 _2AGRIS
_n0
_cMS
999 _c269306
_d269306